000 00381nam a2200133Ia 4500
005 20260328101500.0
008 260328s9999||||xx |||||||||||||| ||und||
100 _aAlesina, Inna
245 0 _aExploring Materials :
_b Creative Design for everyday objects /
_cInna Alesina
260 _bPrinceton Architectural Press
300 _a208 p.
650 _aDISEÑO INDUSTRIAL
942 _cBK
999 _c8938
_d8938